La mort d'un frère (notice n° 2090793)
[ vue normale ]
| 000 -LEADER | |
|---|---|
| fixed length control field | 01744cam a2200145 4500500 |
| 005 - DATE AND TIME OF LATEST TRANSACTION | |
| control field | 20260405010337.0 |
| 041 ## - LANGUAGE CODE | |
| Language code of text/sound track or separate title | fre |
| 042 ## - AUTHENTICATION CODE | |
| Authentication code | dc |
| 100 10 - MAIN ENTRY--PERSONAL NAME | |
| Personal name | Khromeychuk, Olesya |
| Relator term | author |
| 245 00 - TITLE STATEMENT | |
| Title | La mort d'un frère |
| 260 ## - PUBLICATION, DISTRIBUTION, ETC. | |
| Name of publisher, distributor, etc. | Le Seuil,<br/> |
| Date of publication, distribution, etc. | 2023.<br/> |
| 520 ## - SUMMARY, ETC. | |
| Summary, etc. | «J’ai écrit ce livre pour lutter contre mes propres démons: le chagrin, la rancune, la peur. Je l’ai écrit pour tenter de trouver un sens à une perte: la perte d’un soldat parmi les milliers de pertes subies par l’armée ukrainienne&#8239;; celle d’un frère unique à mes yeux. En couchant ces textes sur le papier, j’ai voulu échapper à la noirceur du deuil, me soulager de la haine qui semait ses graines en moi, pour tenter d’avancer. Ce livre donne un nom, et une histoire, à une seule des vies humaines perdues au cours de cette guerre, mais j’espère qu’il pourra servir à consoler d’autres cœurs endeuillés.»Que faire du souvenir d’un frère&#8239;? Comment lui survivre et faire vivre ce lien intime et si singulier dans un contexte où la violence politique emporte tout sur son passage&#8239;? Mêlant témoignage, souvenirs et réflexions, ce livre d’une grande honnêteté est une bouleversante traversée du deuil et un hommage, rempli de tendresse et de chagrin, à un frère perdu au combat, mais retrouvé par l’art et l’écriture.«Intime et personnelle, cette chronique d’un amour et d’un deuil transcende les époques et les lieux&#8239;; brutale et universelle, elle soulève la seule question qui demeure: pourquoi&#8239;?»Philippe Sands |
| 700 10 - ADDED ENTRY--PERSONAL NAME | |
| Personal name | Deniard, Cécile |
| Relator term | author |
| 856 41 - ELECTRONIC LOCATION AND ACCESS | |
| Uniform Resource Identifier | <a href="https://shs.cairn.info/la-mort-dun-frere--9782021544145?lang=fr&redirect-ssocas=7080">https://shs.cairn.info/la-mort-dun-frere--9782021544145?lang=fr&redirect-ssocas=7080</a> |
Pas d'exemplaire disponible.




Réseaux sociaux